Statistics for Top 30 Countries with the Most Hindus

Click here to take the quiz!

General Stats

  • This quiz has been taken 71 times
  • The average score is 22 of 30

Answer Stats

#Hindu PopulationCountry% Correct
72,300,000USA
100%
11,053,000,000India
98%
53,750,000Pakistan
98%
91,010,000UK
98%
12500,000Canada
95%
223,500,000Nepal
95%
14440,300Australia
92%
315,000,000Bangladesh
92%
410,000,000Indonesia
92%
62,671,000Sri Lanka
91%
21270,000Myanmar
86%
81,949,850Malaysia
84%
24196,000Bhutan
83%
13490,000UAE
75%
15360,000Qatar
73%
20290,000Singapore
73%
26150,000Russia
72%
11590,000South Africa
72%
18304,000Saudi Arabia
69%
19301,000Kuwait
66%
17310,000Fiji
64%
27130,000Suriname
59%
30110,950Italy
58%
10630,000Mauritius
58%
23201,000Guyana
56%
22245,000Trinidad and Tobago
55%
16355,000Tanzania
53%
25156,000Yemen
31%
28124,600Zimbabwe
25%
29119,000DR Congo
22%

Score Distribution

Percentile by Number Answered

Percent of People with Each Score

Your Score History

You have not taken this quiz